Los mapas mentales de la investigación (Record no. 23340)

000 -CABECERA
fixed length control field 00817nam a22002177i 4500
003 - IDENTIFICADOR DEL NÚMERO DE CONTROL
control field AR-CdUCM
008 - DATOS DE LONGITUD FIJA--INFORMACIÓN GENERAL
fixed length control field 250724b20192019 pe||||| |||| 00| 0 spa d
040 ## - FUENTE DE LA CATALOGACIÓN
Agencia/entidad que catalogó originalmente la obra MUNICIPALIDAD PROVINCIAL DEL CUSCO
Entidad que transcribió la catalogación BIBLIOTECA MUNICIPAL DEL CUSCO
082 ## - NÚMERO DE LA CLASIFICACIÓN DECIMAL DEWEY
No. de Clasificación 001.42 / A21
Notacion interna A21
100 ## - ENTRADA PRINCIPAL--NOMBRE DE PERSONA
Nombre Personal Aco Corrales, Eder Arturo
245 ## - MENCIÓN DE TÍTULO
Título Los mapas mentales de la investigación
260 ## - PUBLICACIÓN, DISTRIBUCIÓN, ETC.
Lugar de publicación, distribución, etc. Santiago-Cusco
Nombre de la editorial, distribuidor, etc. Multiservicios Nicolás
Fecha de publicación, distribución, etc. 2019
300 ## - DESCRIPCIÓN FÍSICA
Nº de Páginas Extensión 38 páginas. :
Otros detalles físicos Ilustraciones
Dimensiones 20x14 cm.
505 ## - NOTA DE CONTENIDO CON FORMATO
Nota de contenido formateada Tipos de trabajo de investigación -- Errores de fondo -- Diseño de la investigación -- muestreo probabilístico
650 ## - PUNTO DE ACCESO ADICIONAL DE MATERIA--TÉRMINO DE MATERIA
Descriptor Investigación
9 (RLIN) 1940
650 ## - PUNTO DE ACCESO ADICIONAL DE MATERIA--TÉRMINO DE MATERIA
Descriptor Justificación de la investigación
9 (RLIN) 49406
650 ## - PUNTO DE ACCESO ADICIONAL DE MATERIA--TÉRMINO DE MATERIA
Descriptor Bases teóricas
9 (RLIN) 1546
942 ## - ELEMENTOS DE PUNTO DE ACCESO ADICIONAL (KOHA)
Fuente de clasificación
Tipo de item Libros-BMC
945 ## - PROCESAMIENTO DE INFORMACIÓN LOCAL (OCLC)
Catalogador pbjr
AAAA-MM-DD - Fecha de ingreso o modificacion 24-07-2025
Holdings
Estado de retiro (separado) Fuente de clasificación o esquema de estanterías Estado dañado Ubicación Sala donde se ubica Nombre de la colección Fecha de adquisición o compra Fuente de adquisición Costo, precio normal en soles Signatura topográfica Código de Barras Última vez visto (Koha) Tipo de ítem (Koha)
No     Sala Humanidades Sala Humanidades Book Cart 2025-07-24 Depósito legal 10.00 001.42 / A21 SH0000016951 2025-07-24 Libros-BMC

Powered by Koha